000 00622nam a22002177a 4500
005 20220930132751.0
008 220930b ||||| |||| 00| 0 eng d
040 _cAL
041 _aEnglish
082 _223
_a331.880
_bMATT
100 _aA S Mathur and others
_958868
245 _aTrade Union Movement in India
260 _aAllahabad
_bChaitanya Publishing House
_c1962
300 _aix,299 p.
_bHB
_c22.5x14.5 cm.
650 _aIndia
_958869
650 _aTrade union movement
_958870
650 _a Indian Economics
_958871
700 _aMATHUR (A S)
_958872
700 _aMATHUR (J S)
_958873
942 _2ddc
_cGF
999 _c224706
_d224706